31 days of praise : (Record no. 382)

MARC details
000 -LEADER
fixed length control field 01216pam a2200301 a 4500
005 - DATE AND TIME OF LATEST TRANSACTION
control field 20260322212017.0
008 - FIXED-LENGTH DATA ELEMENTS--GENERAL INFORMATION
fixed length control field data
010 ## - LIBRARY OF CONGRESS CONTROL NUMBER
LC control number 94009575
020 ## - INTERNATIONAL STANDARD BOOK NUMBER
International Standard Book Number 0880706341 (alk. paper) :
Terms of availability {dollar}7.99
020 ## - INTERNATIONAL STANDARD BOOK NUMBER
International Standard Book Number 9780880706346 (alk. paper) :
Terms of availability {dollar}7.99
040 ## - CATALOGING SOURCE
Original cataloging agency DLC
Transcribing agency DLC
Modifying agency DLC
050 00 - LIBRARY OF CONGRESS CALL NUMBER
Classification number BV4817
Item number .M93 1994
082 00 - DEWEY DECIMAL CLASSIFICATION NUMBER
Classification number 242/.72
Edition information 20
092 ## - LOCALLY ASSIGNED DEWEY CALL NUMBER (OCLC)
Classification number 242.72 Mye 1994
001 - CONTROL NUMBER
control field data
100 1# - MAIN ENTRY--PERSONAL NAME
Personal name Myers, Ruth.
245 10 - TITLE STATEMENT
Title 31 days of praise :
Remainder of title enjoying God anew /
Statement of responsibility, etc. Ruth Myers.
260 ## - PUBLICATION, DISTRIBUTION, ETC.
Place of publication, distribution, etc. Sisters, Or. :
Name of publisher, distributor, etc. Multnomah Books,
Date of publication, distribution, etc. 1994.
300 ## - PHYSICAL DESCRIPTION
Extent 160 p. ;
Dimensions 20 cm.
650 #0 - SUBJECT ADDED ENTRY--TOPICAL TERM
Topical term or geographic name entry element Praise of God
Form subdivision Prayers and devotions.
650 #0 - SUBJECT ADDED ENTRY--TOPICAL TERM
Topical term or geographic name entry element Devotional calendars.
740 0# - ADDED ENTRY--UNCONTROLLED RELATED/ANALYTICAL TITLE
Uncontrolled related/analytical title Thirty-one days of praise.
856 42 - ELECTRONIC LOCATION AND ACCESS
Materials specified Contributor biographical information
Uniform Resource Identifier <a href="http://www.loc.gov/catdir/enhancements/fy0730/94009575-b.html">http://www.loc.gov/catdir/enhancements/fy0730/94009575-b.html</a>
856 42 - ELECTRONIC LOCATION AND ACCESS
Materials specified Publisher description
Uniform Resource Identifier <a href="http://www.loc.gov/catdir/enhancements/fy0730/94009575-d.html">http://www.loc.gov/catdir/enhancements/fy0730/94009575-d.html</a>
906 ## - LOCAL DATA ELEMENT F, LDF (RLIN)
a 7
b cbc
c orignew
d 1
e ocip
f 19
g y-gencatlg
991 ## -
-- c-GenColl
-- BV4817
-- .M93 1994
-- 00059068465
-- Copy 1
-- BOOKS
Holdings
Withdrawn status Lost status Damaged status Not for loan Home library Current library Shelving location Date acquired Total checkouts Full call number Barcode Date last seen Price effective from Koha item type
        Institut Protestant de Théologie Institut Protestant de Théologie General stacks 22/03/2026   242/.72 20 BC0010392 22/03/2026 22/03/2026 Books